Overcoming depression and low mood : (Record no. 588470)

000 -LEADER
fixed length control field 00927cam a22002897a 4500
001 - CONTROL NUMBER
control field 15531151
003 - CONTROL NUMBER IDENTIFIER
control field NUST
005 - DATE AND TIME OF LATEST TRANSACTION
control field 20220301130640.0
008 - FIXED-LENGTH DATA ELEMENTS--GENERAL INFORMATION
fixed length control field 081121s2006 enka 000 0 eng
010 ## - LIBRARY OF CONGRESS CONTROL NUMBER
LC control number 2008278188
020 ## - INTERNATIONAL STANDARD BOOK NUMBER
International Standard Book Number 9780340905869 (pbk.)
038 ## - RECORD CONTENT LICENSOR
Staff Name waseem
040 ## - CATALOGING SOURCE
Original cataloging agency DLC
Transcribing agency DLC
Modifying agency DLC
-- DLC
050 00 - LIBRARY OF CONGRESS CALL NUMBER
Classification number RC537
Item number .W545 2006
082 ## - DEWEY DECIMAL CLASSIFICATION NUMBER
Classification number 616.8527
Author Mark WIL
100 1# - MAIN ENTRY--PERSONAL NAME
Personal name Williams, Chris,
Dates associated with a name 1964-
9 (RLIN) 90065
245 10 - TITLE STATEMENT
Title Overcoming depression and low mood :
Remainder of title a five areas approach /
Statement of responsibility, etc. Chris Williams.
250 ## - EDITION STATEMENT
Edition statement 2nd ed.
260 ## - PUBLICATION, DISTRIBUTION, ETC.
Place of publication, distribution, etc. Great Britain :
Name of publisher, distributor, etc. Hodder Arnold,
Date of publication, distribution, etc. 2006.
300 ## - PHYSICAL DESCRIPTION
Extent 1 v. (various pagings) :
Other physical details ill. ;
Dimensions 30 cm.
563 ## - BINDING INFORMATION
Binding note PBK.
650 #0 - SUBJECT ADDED ENTRY--TOPICAL TERM
Topical term or geographic name entry element Depression, Mental.
9 (RLIN) 90066
700 1# - ADDED ENTRY--PERSONAL NAME
Personal name Williams, Chris,
Dates associated with a name 1964-
Title of a work Overcoming depression.
9 (RLIN) 90067
906 ## - LOCAL DATA ELEMENT F, LDF (RLIN)
a 7
b cbc
c origcop
d 2
e ncip
f 20
g y-gencatlg
942 ## - ADDED ENTRY ELEMENTS (KOHA)
Source of classification or shelving scheme
Koha item type Book
Holdings
Withdrawn status Lost status Source of classification or shelving scheme Damaged status Not for loan Permanent Location Current Location Date acquired Source of acquisition Total Checkouts Total Renewals Full call number Barcode Date last seen Date last checked out Price effective from Koha item type
          Central Library (CL) Central Library (CL) 03/01/2022 Pak Books 1 1 616.8527 WIL CL-1014 09/11/2024 09/30/2022 03/01/2022 Book
© 2023 Central Library, National University of Sciences and Technology. All Rights Reserved.